00470nam a2200205Ia 4500008004000000041000800040082001200048100000900060245005300069260004500122440000900167650000900176650000800185650000700193650001500200650001200215650001200227650001400239700001100253210210b1933 xxu||||| |||| 00| 0 eng d aeng a826/195 aWARD aCambridge history of english literature Vol XIII aCambridgebAt the University Pressc1933 aXIII aXIII aVol aof aliterature ahistory aenglish aCambridge aWALLER